| 000 | 00610nam a2200181 4500 | ||
|---|---|---|---|
| 001 | 138984 | ||
| 003 | ES-MaACL | ||
| 005 | 20250830063103.0 | ||
| 007 | t| | ||
| 008 | 070214s1969 sp r ||||1| spa d | ||
| 100 | 1 |
_aSanz, Carlos, _d1903-1979 _9103566 |
|
| 245 | 1 | 4 |
_aLos grandes escándalos de la Historia _b: `La encarnación del Hijo de Dios` y `La revelación de América` / _cpor Carlos Sanz. |
| 260 |
_a[S. l. : _bs. n.], _c1969. |
||
| 300 |
_a3 h. ; _c32 cm. |
||
| 500 | _aPublicado en ABC el 11 de octubre de 1969. | ||
| 852 |
_aES-MaACL _j2098-F-23 _bR.90878 |
||
| 999 |
_c138984 _d138984 |
||